000 006340000a22001810004500
003 MACL
005 20160520153505.0
008 160520b xxu||||| |||| 00| 0 eng d
040 _aMACL
_cMACL
041 _aHindi
082 _a891.433 VAN
100 _aवंधोपाध्‍याय, विभूतिभूषण
_958554
245 _aनव वृंदावन
_cविभूतिभूषण वंधोपाध्‍याय
260 _aनई दिल्‍ली
_bकबीर मन्दिर
_c2011
350 _a200
650 _aकहानियां
_933092
942 _cHIN
_k891.433/VAN /S
_2ddc
999 _c46309
_d46309